[Event "SVR-ch HT 29th"]
[Site "Koblenz"]
[Date "2006.04.13"]
[Round "5"]
[White "Pflaum, Pascal"]
[Black "Nagel, Alexander"]
[Result "1-0"]
[WhiteElo "1286"]
[BlackElo "1639"]
[PlyCount "55"]
[EventDate "2006.04.08"]
[EventType "swiss"]
[EventRounds "7"]
[EventCountry "GER"]
[SourceTitle "EXT 2009"]
[Source "ChessBase"]
[SourceDate "2008.11.26"]
[SourceVersion "1"]
[SourceVersionDate "2008.11.26"]
[SourceQuality "1"]

1. e4 c5 2. f4 Nc6 3. Nf3 g6 4. Nc3 Bg7 5. Be2 d6 6. 0-0 e6 7. d3 Nge7 8. Kh1 0-0 9. Qe1 Nd4 10. Bd1 Nec6 11. Ne2 Bd7 12. c3 Nb5 13. Bb3 Rc8 14. g4 Nc7 15. Qg3 d5 16. e5 f6 17. d4 cxd4 18. cxd4 Nb4 19. h4 Bb5 20. Rf2 Ne8 21. Nc3 Ba6 22. h5 Kf7 23. exf6 Bxf6 24. f5 g5 25. fxe6+ Kxe6 26. Nxg5+ Bxg5 27. Qe5+ Kd7 28. Bxg5 1-0

[Event "SVR-ch HT 29th"]
[Site "Koblenz"]
[Date "2006.04.08"]
[Round "2"]
[White "Mintgen, Christoph"]
[Black "Nagel, Alexander"]
[Result "0-1"]
[WhiteElo "1426"]
[BlackElo "1639"]
[PlyCount "60"]
[EventDate "2006.04.08"]
[EventType "swiss"]
[EventRounds "7"]
[EventCountry "GER"]
[SourceTitle "EXT 2009"]
[Source "ChessBase"]
[SourceDate "2008.11.26"]
[SourceVersion "1"]
[SourceVersionDate "2008.11.26"]
[SourceQuality "1"]

1. e4 c5 2. Nf3 Nc6 3. Nc3 g6 4. Bc4 Bg7 5. 0-0 Nf6 6. d3 0-0 7. Bg5 d6 8. h3 Na5 9. Nd2 Nxc4 10. Nxc4 Be6 11. Ne3 Re8 12. d4 cxd4 13. Qxd4 Nd5 14. Qd2 Nxc3 15. bxc3 Rc8 16. Qd3 Rxc3 17. Qd2 Rc5 18. e5 Bxe5 19. Rab1 Qc7 20. a3 Bc3 21. Qe2 Rxg5 22. Rb5 Rxb5 23. Qxb5 Rc8 24. Rb1 b6 25. Nd5 Bxd5 26. Qxd5 Be5 27. Rc1 Qc6 28. Qb3 Bf4 29. Re1 Qxc2 30. Qb4 Bd2 0-1

[Event "Rheinland-ch MAT-I 28th"]
[Site "Trier"]
[Date "2005.??.??"]
[Round "2"]
[White "Nagel, Alexander"]
[Black "Oliva, Jan"]
[Result "0-1"]
[WhiteElo "1680"]
[BlackElo "1790"]
[PlyCount "68"]
[EventDate "2005.03.??"]
[EventType "tourn"]
[EventRounds "9"]
[EventCountry "GER"]
[SourceTitle "EXT 2009"]
[Source "ChessBase"]
[SourceDate "2008.11.26"]
[SourceVersion "1"]
[SourceVersionDate "2008.11.26"]
[SourceQuality "1"]

1. e4 c5 2. Nf3 e6 3. d4 cxd4 4. Nxd4 a6 5. Nc3 Qc7 6. Be2 Bb4 7. Bd2 Nf6 8. Bd3 0-0 9. 0-0 Bc5 10. Nb3 Ba7 11. a4 d6 12. Qe2 Nbd7 13. Be3 Bxe3 14. Qxe3 b6 15. f4 Bb7 16. Kh1 Nc5 17. Nxc5 Qxc5 18. Qxc5 dxc5 19. e5 Nd5 20. Ne4 Ne3 21. Rfe1 Nf5 22. Kg1 Rad8 23. Nd2 Nh4 24. g3 c4 25. Be4 Bxe4 26. Rxe4 Rxd2 27. gxh4 Rxc2 28. Rd4 b5 29. axb5 axb5 30. Rb1 Ra8 31. Rbd1 g6 32. R4d2 Rxd2 33. Rxd2 Ra2 34. Rg2 b4 0-1